header

Shiloh (Record no. 260947)

MARC details
000 -LEADER
fixed length control field 00237nam a22001097a 4500
020 ## - INTERNATIONAL STANDARD BOOK NUMBER
ISBN 9780689835827
100 ## - MAIN ENTRY--AUTHOR NAME
Personal name Phyllis Reynolds Naylor
245 ## - TITLE STATEMENT
Title Shiloh
260 ## - PUBLICATION, DISTRIBUTION, ETC. (IMPRINT)
Place of publication USA
Name of publisher Simon & Schuster
Year of publication 2000
300 ## - PHYSICAL DESCRIPTION
Number of Pages 137 pgs
942 ## - ADDED ENTRY ELEMENTS (KOHA)
Koha item type Long Loan Books
Holdings
Withdrawn status Lost status Collection code Home library Current library Shelving location Date acquired Accession Number Koha item type
    Fiction Rongo University Library Rongo University Library Children's Area 25/10/2023 CL20221821 Long Loan Books

© 2026 Rongo University
Contact us: librarian | system librarian | Rongo university